| 000 | 00773nam a22002057a 4500 | ||
|---|---|---|---|
| 999 |
_c6858 _d6858 |
||
| 003 | AR-CdUCM | ||
| 008 | 190319b ||||| |||| 00| 0 spa d | ||
| 040 |
_aMUNICIPALIDAD PROVINCIAL DEL CUSCO _cBIBLIOTECA MUNICIPAL DEL CUSCO |
||
| 082 |
_a190 / _bS28 |
||
| 100 |
_aSciacca, Michele Federico _919322 |
||
| 245 | _aEstudio sobre la filosofía moderna / | ||
| 260 |
_aEspaña : _bMiracle, _c1966. |
||
| 300 |
_a540 páginas ; _c22 cm. |
||
| 505 | _aContenido : Notas sobre el pensamiento de los siglos XV y XVI -- Notas y estudios sobre el pensamiento de los siglos XVII y XVIII -- Notas y estudios sobre el pensamiento del siglo XIX ... | ||
| 650 |
_aFilosofía _9395 |
||
| 650 |
_aModerna _919323 |
||
| 650 |
_aUniversal _918236 |
||
| 942 |
_2ddc _cLIBROS |
||
| 945 | _arah | ||